[Event "Moscow Tal Memorial 8th"]
[Site "Moscow"]
[Date "2013.06.15"]
[Round "3"]
[White "Anand, Viswanathan"]
[Black "Morozevich, Alexander"]
[Result "1-0"]
[WhiteElo "2786"]
[BlackElo "2760"]
[Annotator "Pavlovic,M"]
[PlyCount "119"]
[EventDate "2013.06.13"]
[EventType "tourn"]
[EventRounds "9"]
[EventCountry "RUS"]
[EventCategory "22"]
[SourceTitle "CBM 155"]
[Source "ChessBase"]
[SourceDate "2013.07.16"]
[SourceVersion "1"]
[SourceVersionDate "2013.07.16"]
[SourceQuality "1"]

1. e4 e5 2. Nf3 Nc6 3. Bb5 a6 4. Ba4 Nf6 5. O-O Be7 6. Re1 b5 7. Bb3 d6 8. c3
O-O 9. h3 Re8 10. d4 Bb7 {The always popular Zaitsev line. White has many
choices here and there are a vast number of games played in this line.} 11.
Nbd2 Bf8 12. a3 {This is one of the main lines. A hugely debated line is of
course 12.a4.} h6 13. Ba2 $5 {Although this is a known theoretical move it's
not the main line. Usually after 13...h6 White goes 14.Bc2, I remember well
the "old days" basic rule here, that if Black goes 12...h6 then Bc2 and if 12..
.g6 then 13.Ba2 is very much the main idea. Anand of course has something in
his mind , let's see...} Nb8 {The standard reply to put pressure on the
e4-pawn.} 14. Qb3 $5 {Another way of playing this position and in my opinion a
more natural might be:} (14. d5 c6 15. dxc6 Bxc6 16. Nh2 Nbd7 17. Qf3 Nc5 18.
Ng4 Ra7 $5 {now in two recent games White's approach was different:} 19. Nf1 $5
(19. Nxf6+ Qxf6 20. Qxf6 gxf6 21. b4 Na4 22. Bb3 Nxc3 23. Re3 Na4 24. Nf1 Rd8
25. Ng3 d5 26. exd5 Bxd5 27. Rd3 Rad7 28. Nh5 Be7 29. Rg3+ Kh8 30. Bxd5 Rxd5
31. Bxh6 R5d6 32. Ng7 (32. Re1 $5 Nb6 33. Be3 Rd1 34. Rxd1 Rxd1+ 35. Kh2 Nd5
36. Rg7 Bd6 37. Rxf7 e4+ 38. g3 Be5 39. h4 $14) 32... Bf8 33. Nf5 Rd1+ $1 (
33... Bxh6 34. Nxh6 Rd1+ 35. Kh2 $1 R8d7 36. Rxd1 Rxd1 37. Rf3 Kg7 38. Nf5+ Kh7
39. Rg3 (39. Ng3 $1 $16) 39... Rd7 40. h4 $14 {1/2-1/2 (64) Kurnosov,I (2645)
-Matlakov,M (2673) Khanty-Mansiysk RUS 2012}) 34. Rxd1 Rxd1+ 35. Kh2 Bxh6 36.
Nxh6 Nb6 $14 {This looks more defendable then in the game}) 19... Nfxe4 $5 $146
{this move produces a lot of complications:} (19... Nxg4 20. hxg4 Rd7 21. b4
Na4 22. Rd1 Qf6 (22... Bxe4 23. Qxe4 Nxc3 24. Qd3 Nxd1 25. Qxd1 d5 26. Bb2 d4
27. Qf3 e4 28. Qf5 $13) 23. Rd3 Qxf3 24. gxf3 Red8 $1 (24... d5 25. exd5 Nb6
26. Ne3 Red8 27. Bb2 Nxd5 28. Nxd5 Bxd5 29. Rad1 Be6 30. Rxd7 Rxd7 31. Rxd7
Bxd7 32. Bd5 Bc8 33. c4 Bd6 $11 {1/2-1/2 (44) Bauer,C (2639)-Kuljasevic,D 
(2561) Graz AUT 2013}) 25. Ne3 Nb6 26. Bb2 Be7 $1 27. Rad1 Bg5 28. Nd5 Bxd5 $1
29. Bxd5 Kf8 $15) 20. b4 (20. Ng3 Nxg3 21. Qxg3 Kh8 22. Be3 Rae7 23. Qh4 f5 $1
$13 (23... Rd7 24. Qxd8 Rexd8 25. Bxc5 $16)) (20. Be3 $5) 20... Na4 21. Rxe4 (
21. Bxh6 Naxc3 22. Be3 Rd7 23. Bb3 $13) 21... Bxe4 22. Qxe4 h5 23. Be3 Rc7 24.
Nh6+ gxh6 25. Bb1 f5 26. Qxf5 Nxc3 27. Qxh5 $13) 14... Qd7 {At first an odd
looking move, but actually it is not clear if Black can do any better then
this move.} (14... Qe7 $5 $146 {(Milos Pavlovic)} 15. a4 $1 Bc6 16. d5 Bd7 17.
c4 $14) (14... Re7 15. dxe5 $5 $146 (15. a4 Qe8 $13) (15. Nh4 c5 16. Ng6 (16.
dxc5 $1 dxc5 17. c4 b4 $5 18. axb4 cxb4 19. Qxb4 Rc7 20. Qc3 Nxe4 21. Nxe4 Qxh4
22. Bb1 Nc6 23. c5 $14) 16... Rc7 17. Nxf8 Qxf8 18. Nf3 exd4 19. cxd4 c4 $1 (
19... Nxe4 20. dxc5 dxc5 21. Bf4 Re7 22. Ne5 c4 23. Qc2 Nf6 $15 {1-0 (53) Van
Kampen,R (2570)-Arvola,B (2285) London ENG 2012. Black eventually lost the
game, but I didn't see anything wrong with his position in a couple of ways,
that I mentioned in my comments.}) 20. Qc2 Re7 21. d5 (21. e5 Bxf3 22. gxf3 Nc6
$19) 21... Qe8 22. Bf4 Rxe4 $17) 15... dxe5 16. c4 $1 $14 {This looks to me
like the correct way of playing this position, Black is somehow cramped, while
White has already started activities.} c6 $2 (16... Nbd7 17. cxb5 axb5 18. Qxb5
$16 {Black doesn't have enough compensation}) 17. cxb5 cxb5 18. Nxe5 $1 $18
Rxe5 19. Qxf7+ Kh8 20. Qxb7 $18) 15. Qc2 {Only now when the black knight is
deprived of its desired d7-square, does White retreat and defend the pawn on
e4.} c5 16. d5 c4 $1 {Taking advantage of the fact that the white structure is
a3, c3 thus helping Black.} 17. b3 cxb3 18. Bxb3 Qc7 19. a4 Rc8 20. c4 {
Now due to the akwardly placed queen on d7 White managed to come out with the
clear and typical play of the Ruy Lopez.} b4 $5 $146 {It was only here that we
had a new move, it is interesting to see who evaluated this position better.} (
20... Nbd7 {This was played in an earlier game.} 21. Ba3 Qa5 22. Nf1 bxc4 23.
Bxc4 Nb6 24. N1d2 (24. N3d2 $5 $146 Qxa4 (24... Rc7 25. Qb3 $16) 25. Qxa4 Nxa4
26. Reb1 Rcb8 27. Bxd6 (27. Ng3 $5 Bc8 $1 $13) 27... Bxd6 28. Rxa4 a5 29. Ng3
$1 g6 30. Be2 Bb4 31. Nc4 h5 32. Bf3 $14) 24... Qxa4 25. Qxa4 Nxa4 26. Reb1 Rc7
27. Bxd6 (27. Bb4 $5 a5 28. Rxa4 axb4 29. Rxa8 Bxa8 30. Rxb4 Nd7 31. Ne1 g6 32.
Bb5 Nc5 33. Nd3 Nxd3 34. Bxd3 f5 35. f3 Bb7 {White has some pressure but Black
should be able to hold}) 27... Bxd6 28. Rxa4 a5 29. Rb6 (29. Bd3 $1 $146 {
[%cal Gd2c4]} Nd7 30. Nc4 Nc5 31. Ra2 Bf8 32. Bc2) 29... Bc5 30. Rb5 Bb4 31.
Raxb4 axb4 32. d6 (32. Nxe5 Ba6 33. Ra5 Re8 34. Rxa6 Rxe5 35. f4 Re8 36. d6 $13
) 32... Rd7 33. Rxb4 Ra7 34. Rb6 Ne8 35. Bxf7+ Rxf7 36. Nxe5 Nxd6 37. Rxd6 Ra1+
38. Kh2 Rxf2 $15 {0-1 (90) Kamsky,G (2714)-Jakovenko,D (2710) Moscow RUS 2007})
21. a5 $1 {Preventing of course ...a5} Nbd7 22. Qb1 Rcb8 23. Bc2 Bc8 $1 24. Ra4
Be7 25. Re3 Bd8 $1 {To me this looks perfectly ok for Black.} 26. Rxb4 Qxa5 27.
Ba3 Qc7 {Firm control of the c5-square as well as a harmonious position of the
black pieces, gives me the impression that his opening problems, if they ever
existed, are gone.} 28. Rxb8 Rxb8 29. Rb3 Ra8 {A bit optimistic but playable.}
(29... Rxb3 30. Qxb3 Nc5 31. Qe3 Nfd7 32. Nb3 Nb7 $13 {[%cal Gc7b6]}) 30. Ne1
$1 Nc5 31. Bxc5 $1 Qxc5 32. Nd3 Qa5 {Black has forced White to exchange a
bishop for a knight and is hoping to get a bishop on b6.} 33. Qc1 Nd7 34. Ra3
Qc7 35. Ba4 $1 Bg5 $1 36. Bc6 Rb8 37. Qc2 $6 (37. Qe1 $1 {This looks more
precise} Nf6 (37... Bxd2 38. Qxd2 Rb1+ 39. Kh2 Nf6 40. Qe3 $14) 38. Nf3 Nh5 39.
c5 Nf4 40. Nxf4 (40. Nxg5 hxg5 41. Nxf4 gxf4 42. cxd6 Qxd6 {again this is not
clear}) 40... Bxf4 {The position is far from clear.}) 37... f5 $5 {A bold
reaction, but the alternative appears good:} (37... Nf6 $1 {a perfectly
sensible move, the position looks very much ok for Black to me, for instance...
} 38. Nf3 (38. Nf1 Nxe4 39. Nxe5 Nc5 40. Nf3 Bf6 $15) 38... Nxe4 39. Ndxe5 Bf5
40. Nxg5 hxg5 41. Nf3 Ng3 42. Qd2 Rb1+ $15) 38. exf5 Nf6 39. g4 $1 {Anand is
somebody who will usually refrain from such moves.} e4 (39... Qa7 $5 {
preventing c5} 40. Kg2 (40. c5 e4 41. Nb2 Bxd2 42. Qxd2 Qxc5 $13) 40... h5 41.
Nf3 hxg4 $1 42. Nxg5 gxh3+ 43. Nxh3 Bxf5 44. Rb3 Bxh3+ 45. Kxh3 Rxb3 46. Qxb3
e4 47. Nf4 Qxf2 {and Black can't lose, of course such lines are not easy to
see in a tournament game.}) 40. Ne1 Qe7 $1 41. Ng2 Qe5 {Black did have an
interesting possibility, but from psychological point of view it's not easy to
give up the nice dark-squared bishop.} (41... Bxd2 $5 42. Qxd2 Rb1+ 43. Kh2 (
43. Ne1 h5 44. g5 Nh7 45. h4 Bxf5 {Black is fine}) 43... Qe5+ 44. Qf4 Qb2 45.
Re3 Qc1 46. Kg3 Qh1 {with an attack for Black.}) 42. Nf1 e3 $6 (42... Rb2 43.
Qc3 Qxc3 44. Rxc3 h5 45. Nge3 hxg4 46. hxg4 Bh4 47. Ng3 {and the black
initiative is diminished, although this was still better than the choice made
in the game.}) 43. Ngxe3 Bh4 $2 44. Rb3 $1 Rxb3 45. Qxb3 Qf4 46. Nd1 Ne4 47.
Qe3 {With two pawns down and the rooks already exchanged, Black is simply lost.
} Ng5 48. Kg2 Qxc4 49. Nd2 Qc1 50. Nc3 Nf7 51. Qe8+ Kh7 52. Nf3 Ne5 53. Nxh4
Qxc3 54. Ng6 Qf3+ 55. Kg1 Bxf5 56. gxf5 Qxf5 57. Nxe5 dxe5 58. Qe6 Qb1+ 59. Kh2
Qc2 60. Qf7 1-0

[Event "London Classic Gp-A 5th"]
[Site "London"]
[Date "2013.12.12"]
[Round "4"]
[White "Anand, Viswanathan"]
[Black "McShane, Luke J"]
[Result "1-0"]
[WhiteElo "2773"]
[BlackElo "2684"]
[Annotator "Ramirez Alvarez,A"]
[PlyCount "75"]
[EventDate "2013.12.11"]
[EventType "tourn (rapid)"]
[EventRounds "6"]
[EventCountry "ENG"]
[EventCategory "19"]
[SourceTitle "CBM 158"]
[Source "ChessBase"]
[SourceDate "2014.01.16"]
[SourceVersion "1"]
[SourceVersionDate "2014.01.16"]
[SourceQuality "1"]

1. Nf3 d5 2. g3 c6 3. Bg2 Bg4 4. O-O Nd7 5. d4 e6 6. Nbd2 Ngf6 7. Re1 Be7 8. e4
O-O 9. h3 Bh5 10. c3 Bg6 11. e5 Ne4 12. Nxe4 Bxe4 13. Nh2 Bg6 14. h4 h6 15. Bf1
c5 16. Bd3 Bxd3 17. Qxd3 cxd4 18. cxd4 Qa5 19. Be3 Rfc8 20. Qe2 Qa6 21. Qg4 Kh8
22. Qh5 {This type of positions are hard for computers and amateurs to
understand. It seems that Black is solid and he will be able to gradually
increase the pressure on the c-file and at the same time he will hold on to
his kingside with a bishop on f8. Yet this is many times not the case, a swift
sacrifice many times changes the situation.} Kg8 23. Bxh6 $1 {A bolt from the
blue.} gxh6 24. Ng4 $1 {The accuracte follow up.} Bf8 {It seems that this
should defend. After all the h6 pawn cannot be taken.} 25. Re3 $1 {This is the
point of the combination; surprisingly the f7 pawn is impossible to defend and
the simple threat of Rf3 is unstoppable.} (25. Nxh6+ $2 Bxh6 26. Qxh6 Qd3 $19)
25... Rc4 26. Rd1 {An amazing move. Anand takes his time to increase the
pressure and first defends d4.} Qb6 $2 (26... Rc2 {was the last chance to
create some counterplay.} 27. Rf3 Qe2 28. Qxf7+ Kh8 {and it looks like Black
should be checkmated soon, but it is not yet so easy.}) 27. Rf3 {The rest is
routine.} Rxd4 28. Rxd4 Qxd4 29. Rxf7 Qd1+ 30. Kg2 Qxg4 31. Rxf8+ {An
important intermediate move seals Black's fate.} Rxf8 32. Qxg4+ Kf7 33. Qa4 Rd8
34. h5 Nf8 35. Qf4+ Ke8 36. Qxh6 d4 37. Kf1 Rd5 38. Qf6 1-0

[Event "Le Defi m1"]
[Site "Porto Vecchio"]
[Date "2014.05.19"]
[Round "1"]
[White "Anand, Viswanathan"]
[Black "Massoni, Michael"]
[Result "1-0"]
[WhiteElo "2785"]
[BlackElo "2338"]
[Annotator "Schulz,Andre"]
[PlyCount "49"]
[EventDate "2014.05.19"]
[EventType "match (rapid)"]
[EventRounds "2"]
[EventCountry "FRA"]
[SourceTitle "CBM 160 Extra"]
[Source "ChessBase"]
[SourceDate "2014.07.01"]
[SourceVersion "1"]
[SourceVersionDate "2014.07.01"]
[SourceQuality "1"]

1. e4 c5 2. Nf3 e6 3. g3 {Die Anti-Sizilianer sind derzeit große in Mode. Da
Lb5 gegen die Paulsen-Variante nicht sinnvoll ist, spielen viele so wie Anand
das hier macht.} Nc6 ({Prinzipieller ist} 3... d5 4. exd5 exd5 5. d4 Nc6 6. Bg2
Bg4 7. O-O cxd4 8. Nbd2 Nf6 9. h3 Bh5 10. Re1+ Be7 11. Nb3 O-O 12. Nbxd4 Nxd4
13. Qxd4 Rc8 14. Be3 Bc5 15. Qd2 Ne4 16. Qd3 Qb6 17. Bxc5 Rxc5 18. Nd4 Qxb2 19.
Reb1 Qc3 20. Qxc3 Nxc3 21. Rxb7 Bg6 22. Bf1 Ra5 23. a4 Rxa4 24. Rxa4 Nxa4 25.
Rxa7 Nc5 26. Bg2 Ne6 27. Nc6 Be4 28. c3 Kh8 29. Rd7 Nc5 30. Rc7 Ne6 31. Re7 h6
32. Nd4 Bxg2 33. Kxg2 Rc8 34. Rxf7 Nxd4 35. cxd4 Rc4 36. Rf4 g5 37. Rg4 Kg7 38.
h4 Kf6 39. f4 gxh4 40. Rxh4 Kg6 {1-0 (40) Adams,M (2753)-Vachier Lagrave,M 
(2742) Bilbao 2013}) 4. Bg2 Qc7 {In der Hoffnung, das Weiß vielleicht später
noch d4 spielt.} (4... d5) 5. O-O Nf6 6. Re1 ({Weniger energisch ist} 6. d3)
6... d6 7. c3 {Nun kommt Weiß zu einem Vollzentrum.} Be7 (7... c4 $2 8. Na3)
8. d4 $5 ({Häufiger geschieht auch hier} 8. d3) 8... cxd4 9. cxd4 d5 {Analog
zu ähnlichen Varianten im Lb5-System gespielt und tatsächlich eine Neuerung
an dieser Stelle.} 10. e5 (10. exd5 {kommt auch in Betracht.}) 10... Ne4 11.
Nc3 ({Die Alternative war} 11. Nbd2 Nxd2 12. Bxd2) 11... Nxc3 12. bxc3 O-O $11
13. h4 Bd7 14. Ng5 h6 15. Nh3 Na5 16. Qg4 Kh8 17. Bd2 Nc4 18. Bf4 Bc6 ({
Houdini schlägt} 18... Ba4 19. Bf1 Bc2 {vor.}) 19. Bf1 Bb5 {Die letzten
beiden Züge von Schwarz waren recht nutzlos.} 20. Qh5 {Nun droht entscheidend
Lxh6.} ({Zum Dauerschach führt hier} 20. Bxh6 gxh6 21. Qf4 Kg7 22. Qg4+ Kh8
23. Qh5 Kg7 $11) 20... Na3 $2 {Verliert forciert.} ({Die einzige Verteidigung
war} 20... Be8 {mit der Idee} 21. Bxh6 (21. Qf3) 21... f5 22. Bxg7+ Kxg7 23.
Nf4 Qc6 $17 ({Nicht} 23... Bxh5 24. Nxe6+ Kf7 25. Nxc7 {und falls} Rad8 {so}
26. Nxd5 $18)) 21. Bxh6 gxh6 22. Qxh6+ Kg8 23. Nf4 Qd7 (23... Bd8 24. Nh5 ({
Oder} 24. Bh3 $18) 24... f5 25. exf6 {gefolgt von Lh3 und gewinnt.}) 24. Nh5 f5
25. Qg7# 1-0

[Event "Grand Slam Final 7th"]
[Site "Bilbao"]
[Date "2014.09.15"]
[Round "2"]
[White "Vallejo Pons, Francisco"]
[Black "Anand, Viswanathan"]
[Result "0-1"]
[WhiteElo "2712"]
[BlackElo "2785"]
[Annotator "RR"]
[PlyCount "70"]
[EventDate "2014.09.14"]
[EventType "tourn"]
[EventRounds "6"]
[EventCountry "ESP"]
[EventCategory "21"]
[SourceTitle "CBM 163"]
[Source "ChessBase"]
[SourceDate "2014.11.11"]
[SourceVersion "1"]
[SourceVersionDate "2014.11.11"]
[SourceQuality "1"]

1. d4 Nf6 2. c4 e6 3. Nf3 d5 4. Nc3 Bb4 5. cxd5 exd5 6. Bg5 h6 7. Bh4 c5 8.
dxc5 (8. e3 {wird häufiger gespielt.}) 8... Nbd7 9. e3 Qa5 10. Rc1 $5 Ne4 11.
Be2 {Riskant.} ({Forciert zum Remis führt} 11. Qxd5 Nxc3 12. bxc3 Bxc3+ 13. Kd1
O-O 14. Bc4 g5 15. Bxg5 hxg5 16. Rxc3 Qxc3 17. Nd4 Nf6 18. Qxg5+ Kh7 19. Qxf6
Qxc4 20. Qh4+ Kg6 21. Qg3+ Kh5 22. Qe5+ f5 23. g4+ Kg6 24. gxf5+ Bxf5 25. Rg1+
Kh5 26. f4 Rad8 27. Ke1 Rxd4 28. exd4 Qxa2 29. Rg5+ Kh4 30. Rg6 Qb1+ 31. Kf2
Qc2+ 32. Kf3 Qd3+ 33. Kf2 Qd2+ 34. Kf3 Qd3+ {1/2-1/2 (34) Miroshnichenko,E 
(2670)-Kuzubov,Y (2627) Dubai 2011}) 11... O-O ({Die Konsequenzen von} 11...
Nxc3 12. bxc3 Bxc3+ 13. Kf1 Nxc5 14. Qxd5 Be6 15. Qd6 g5 {sind nicht klar,
sowohl} 16. Nxg5 {als auch} (16. Nd4 {führt zu Verwicklungen, die am Brett
nicht zu überschauen sind. Aber eigentlich kämpft eher Weiß ums Remis.})) 12.
O-O $11 Bxc3 13. bxc3 Nxc3 14. Qd2 Nxe2+ 15. Qxe2 b6 $1 16. c6 Ba6 17. Qd1 ({
Genauer ist} 17. Qe1 Bxf1 18. Qxa5 bxa5 19. Kxf1 {, denn Schwarz wird es kaum
schaffen, die b-Linie für sich auszunutzen.}) 17... Nc5 18. Qxd5 Bxf1 19. Kxf1
$2 {Dies führt ziemlich forciert zu einem für Schwarz besseren Endspiel.} ({
Besser ist} 19. Rxf1 {und nach} Rac8 (19... Ne6 20. Qxa5 bxa5 21. Nd4 $11) 20.
Nd4 {besitzt Weiß die Optionen 21.Nf5 und 21.Be7.}) 19... Rac8 20. Nd4 Qd2 $1 {
Nutzt die Position des Rc1 aus.} 21. Qc4 Rfe8 {Droht 22...Re4!} 22. Qc2 Qxc2
23. Rxc2 Re5 $2 {Dies vergibt den Vorteil während} (23... g5 24. Bg3 Ne4 $1 {
den Läufertausch erzwingt. Allerdings ist es bis zum Sieg noch ein langer Weg.}
) 24. Bg3 $11 Rd5 25. c7 Rd7 {Vielleicht hat Anand zu spät entdeckt, dass} (
25... Ne4 26. Bf4 g5 $2 {sogar wegen} 27. Nc6 $1 {verliert.}) 26. Nb5 $6 {
Sieht logisch aus, ist aber ungenau.} (26. Nc6 {ist gut spielbar,}) ({oder
auch einfach} 26. f3 {, um den Bg3 vor einem möglichen Tausch zu schützen -
jeweils mit völligem Ausgleich.}) 26... a6 $1 {Schwarz gewinnt ein Tempo.} 27.
Nd4 $2 ({Natürlich nicht} 27. Na7 $2 Rcxc7 28. Bxc7 Rxc7 {und der Na7 geht
verloren.}) ({\/Aber} 27. Nc3 {[%csl Ge4] verhindert ...Ne4 und bewahrt
Remischancen, z.B.:} f5 28. Rb2 Nd3 29. Rd2 $1 g5 30. e4 $1 f4 31. Bxf4 gxf4
32. Nd5 Kg7 33. Rxd3 Rcxc7 34. Rd2 Rc4 35. f3 {und trotz der
Damenflügelmajorität ist ein Sieg für Schwarz unwahrscheinlich.}) 27... Ne4 $17
{Jetzt ist der Tausch noch folgenreicher, da Weiß den c-Bauern nicht halten
kann.} 28. Rc6 Nxg3+ 29. hxg3 Rdxc7 30. Rxb6 {Weiß ist aber auch hier nicht
chancenlos.} Rc1+ 31. Ke2 Ra8 32. Rb4 a5 33. Ra4 Rb1 34. Nb3 $2 {Das macht es
Schwarz zu leicht.} (34. Kf3 Rb4 35. Ra3 a4 {würde zu einem langen Kampf
führen, in dem Weiß aber letztlich unterliegen sollte.}) 34... Rb2+ 35. Kf3 Ra6
0-1